00629nam a22001817a 4500003000900000005001700009007000300026008003600029020001800065040002500083082002100108100004200129245011700171260004600288300002100334500006300355700002900418DO-SdBNP20240226142544.0ta210922b 2012 dr 00| 0 eng d a9789945882216 aDO-SdBNPbspacBNPHU 4aBNPHU PD bS718e1 aSoto Jiménez, José Miguel,d1956-10aEnsayos :bpolíticos, históricos y literarios /cJosé Miguel Soto Jiménez ; prólogo Juan Carlos Mieses aSanto Domingo :bEditorial Valdez,c2012. a300 p. ;c23 cm. aIncluye datos biográficos del autor en la contracubierta1 aMieses, Carlos,epról.